Louis Tomlinson-guess the song 2022 FAITH IN THE FUTURE - Statistics

General Stats
  • This quiz has been taken 1,042 times
  • The average score is 14 of 16
Answer Stats
Hint Answer % Correct
I didn't have to search 'cause I still know your number chicago
96%
You used to read me like a.......So many reasons now you're not mine headline
94%
I ain't even woken up yet Not nearly vertical All I know is I'm in trouble 'Cause the atmosphere's so cold, so written all over your face
94%
I know I took a left Tryna make it right bigger than me
93%
Slowly, I never wanna go slowly I only wanna go faster out of my system
93%
I know nobody understands Me like you do silver tongues
92%
There's a time for saying who did what Where it went wrong angels fly
89%
All the late nights, good times The mistakes and the heartbreaks When I get lost, I go back to where I started common people
88%
If you believe that guy is Superman They're selling tickets at the cinema lucky again
88%
I'm starin' at the door Somebody's got your trainers on The ones that you wore But you're not here anymore saturdays
88%
I said you know me Alone, we're only the greatest
86%
And you keep on building mountains Hoping that they'll turn to gold all this time
83%
Let's buy some time Oh, we shouldn't do I don't wanna.... face the music
83%
The space between us just comes floodin' back holding on to heartache
79%
Who cares? It's her loss anyway thats the way love goes
79%
Are we one, or are we two? she is beauty we are world class
78%
No matching quizzes found
Score Distribution
Percent of People with Each Score
Percentile by Number Answered
Your Score History
You have not taken this quiz